000 00722nam a2200205 a 4500
001 54931
005 20180714050025.0
008 140415s2010 000 0 eng d
020 _a978136016380
041 _aeng
082 _a627
_bHOW
100 1 _aHOUGHTALEN, ROBERT J.
245 1 0 _aFUNDAMENTALS OF HYDRAULIC ENGINEERING SYSTEMS
250 _a4ed.
260 _a[s.l.] :
_bINDETERMINADO,
_c2010
300 _a472
_c18.4 x 2 x 24
520 _aTHIS BOOK PROVIDES A FUNDAMENT OF ENGINEERING HUDRAYLICS. IT IS PRIMARILY INTENDED TO SERVE AS A TEXTBOOK FOR UNDERGRADUATE ENGINEERING STUDENTS.
650 1 4 _aHIDRAULICA
_xINGENIERIA HIDRAULICA
700 1 _aAKAN, A. OSMAN -HWANG, NED H. C.
_ecoaut.
999 _c54931
_d54931